| 000 | 00452nam a2200169 4500 | ||
|---|---|---|---|
| 008 | 01978 1979 0a 000 0Esp | ||
| 020 | _a84-291-7015-4 | ||
| 050 | _aQD251.2 A437 T.II | ||
| 082 | _a547 A692q T.II | ||
| 100 | _aAllinger, Norman L | ||
| 245 | _aQuímica Org nica / Norman L, Allinger | ||
| 250 | _a2 | ||
| 260 | _aEspaña : Reverte | ||
| 300 | _a728 p. / 23cm. | ||
| 650 | _a1. QUIMICA ORGANICA | ||
| 700 | _aCava, Michael P. | ||
| 999 |
_c21250 _d21250 |
||